000 00675 a2200181 4500
999 _c7764
_d7764
020 _a9780199338276
050 _aHV9104.FEL 2011
100 _a Feld, Barry C
_eeditor
245 _aThe Oxford handbook of juvenile crime and juvenile justice /
_cBarry C Feld; Donna M Bishop
264 _aOxford ; New York :
_bOxford University Press,
_c ♭2012.
300 _axviii, 934 pages ; 26 cm.
440 _aOxford handbooks in criminology and criminal justice.
500 _alncludes index
650 _aJuvenile delinquency -- United States.
650 _aJuvenile justice, Administration of -- United States.
700 _aDonna M. Bishop.
942 _2lcc
_cBK
_h9104
_iFEL
_kHV